000 00181 a2200097 4500
020 _a9780439562409
041 _aeng
100 _aSUSAN CANIZARES
245 _aMARIPOSA
942 _cBK
999 _c4745
_d4745